[Event "Stuttgart-chB int"]
[Site "Ditzingen"]
[Date "2010.05.14"]
[Round "3"]
[White "Bried, Martin"]
[Black "Koerber, Christian"]
[Result "0-1"]
[WhiteElo "1796"]
[BlackElo "1669"]
[PlyCount "100"]
[EventDate "2010.05.13"]
[EventType "swiss"]
[EventRounds "7"]
[EventCountry "GER"]
[SourceTitle "EXT 2018"]
[Source "ChessBase"]
[SourceDate "2017.10.13"]
[SourceVersion "1"]
[SourceVersionDate "2017.10.13"]
[SourceQuality "1"]

1. c4 Nf6 2. d4 e6 3. Nc3 Bb4 4. Qc2 b6 5. e4 Bxc3+ 6. bxc3 d6 7. Nf3 0-0 8. Bg5 e5 9. Bd3 Nc6 10. dxe5 Nxe5 11. Nxe5 dxe5 12. 0-0 Qd6 13. Rad1 Qc6 14. f4 Nd7 15. Be2 Bb7 16. Rd5 exf4 17. Rxf4 Qg6 18. Rdf5 Nc5 19. Bf3 Rae8 20. Bf6 Bxe4 21. Bxe4 Nxe4 22. Be5 Ng3 23. hxg3 Rxe5 24. Qf2 Rxf5 25. Rxf5 c5 26. a4 Qe6 27. Rd5 Qe4 28. Qf4 Qe1+ 29. Kh2 Qxc3 30. Rd7 Qa5 31. Qc7 Qxa4 32. Qxa7 Qxa7 33. Rxa7 Rb8 34. Rc7 Kf8 35. g4 h6 36. Kg3 g6 37. Kf4 f6 38. Rh7 Rd8 39. Rb7 Rd4+ 40. Kf3 Rxc4 41. Rxb6 Ke7 42. Rc6 Rc1 43. Ke2 Rc2+ 44. Kf3 c4 45. g3 c3 46. Ke3 Rg2 47. Kf3 Rc2 48. Ke3 Rc1 49. Ke2 c2 50. Kd2 Rg1 0-1